Women and the law: problems and prospects (Record no. 95953)

MARC details
000 -LEADER
fixed length control field 00371nam a2200145Ia 4500
008 - FIXED-LENGTH DATA ELEMENTS--GENERAL INFORMATION
fixed length control field 230917s9999||||xx |||||||||||||| ||und||
040 ## - CATALOGING SOURCE
-- 158660
Original cataloging agency VIVEKANANDA LIBRARY
041 ## - Language
-- English
082 ## - DDC NUMBER
Classification number 346.0134 R137W
100 ## - MAIN ENTRY--PERSONAL NAME
Personal name Raizada, R K
245 #0 - TITLE STATEMENT
Title Women and the law: problems and prospects
260 ## - PUBLICATION, DISTRIBUTION, ETC. (IMPRINT)
Place of publication, distribution, etc Rohtak
Name of publisher, distributor, etc The Bright law House
Date of publication, distribution, etc 1996
300 ## - PHYSICAL DESCRIPTION
Pages vp p.
942 ## - ADDED ENTRY ELEMENTS (KOHA)
Koha item type Books
Holdings
Withdrawn status Lost status Damaged status Not for loan Location (home branch) Sublocation or collection (holding branch) Date acquired Koha issues (times borrowed) Koha full call number Accession No. Koha date last seen Koha item type
        VIVEKANANDA LIBRARY VIVEKANANDA LIBRARY 26/07/2010   346.0134 R137W 178390 17/09/2023 Books
© Designed and Maintained by Vivekananda Library, MDU Rohtak